| 000 | 00902nam a2200229Ia 4500 | ||
|---|---|---|---|
| 003 | IN-BaIIA | ||
| 008 | 211028s9999 xx 000 0 eng d | ||
| 020 | _a0379-6566 | ||
| 040 | _cIIA Library | ||
| 080 |
_a524(082.2) _bESA |
||
| 111 |
_aInternational Symposium on New Insights in Astrophysics _cLondon _d1986 July 14-16 _918341 |
||
| 245 | 0 |
_aNew insights in astrophysics _bproceedings of an International symposium held at University College London, 14-16-July, 1986 _ccompiled by E. J. Rolfe |
|
| 260 |
_aFrance, _bEuropean Space Agency _c1986 |
||
| 300 | _axv, 724 p. | ||
| 490 | _aESA SP-263 | ||
| 650 | _aAstronomy and Astrophysics Thesaurus | ||
| 650 |
_aAstrophysics _9794 |
||
| 650 |
_aInternational Ultraviolet Explorer _912266 |
||
| 700 |
_aRolfe, E. J. comp. _913650 |
||
| 710 |
_aNational Aeronautics and Space Administration. _94960 |
||
| 942 | _cBK | ||
| 999 |
_c10751 _d10751 |
||